000 00510nam a2200145Ia 4500
008 100122s9999 xx 000 0 und d
082 _b65277
_a580
100 _aसाने हेमा
245 _aहवाई सुंदरी जास्वंदी
260 _bकॉटिनेंटल प्रकाशन
_c2003
300 _a49
630 _aहवाई सुंदरी जास्वंदी
730 _aहवाई सुंदरी जास्वंदी
942 _cBOOK
999 _c438386
_d438383